000
00337nam a22001577a 4500
003
SGT
020
_a
978-1-4522-9018-0
082
_a
306.85
_b
F15W
100
_a
WHITE, JAMES
245
_a
FAMILY THEORIES: AN INTRODUCTION
250
_a
4TH
260
_a
UK
_b
SAGE
_c
2015
300
_a
347
650
_a
PSYCHOLOGY
942
_2
ddc
_c
BK
999
_c
15945
_d
15945